000 00294nam a22001337a 4500
008 170926b xxu||||| |||| 00| 0 eng d
020 _a2901413018560
041 _aeng
080 _a37
100 _a46
101 _aEDU
245 _aYOUR COLLEGE EXPERIENCE
_cGARDNER, J.N
942 _2udc
_cBK
999 _c29919
_d29919